000 00401nam a2200145Ia 4500
008 100204s9999 xx 000 0 und d
082 _b13295
100 _aसावंत माया
245 _aबेबंद
260 _b"रेणूका प्रकाशन , पुणे"
_c1990
300 _a148
630 _aबेबंद
730 _aबेबंद
942 _cBOOK
999 _c457727
_d457724